On equilibrium: (Record no. 179569)

MARC details
000 -LEADER
fixed length control field 00660nam a22002057a 4500
005 - DATE AND TIME OF LATEST TRANSACTION
control field 20210622155416.0
010 ## - LCCN (DPL NO)
LC control number B-740269
020 ## - INTERNATIONAL STANDARD BOOK NUMBER
International Standard Book Number 9780143031321
Terms of availability 295.00
035 ## - SYSTEM CONTROL NUMBER
System control number B-740269
037 ## - SOURCE OF ACQUISITION
Source of stock number/acquisition Gift
082 ## - DEWEY DECIMAL CLASSIFICATION NUMBER
Classification number 144
100 ## - MAIN ENTRY--PERSONAL NAME
Personal name Saul, John Ralston
245 ## - TITLE STATEMENT
Title On equilibrium:
Remainder of title the six qualities of the new humanism /
Statement of responsibility, etc by John Ralston Saul
260 ## - PUBLICATION, DISTRIBUTION, ETC. (IMPRINT)
Place of publication, distribution, etc New Delhi
Name of publisher, distributor, etc Penguin Books
Date of publication, distribution, etc 2004
270 ## - ADDRESS
Address 11 Community Centre, Panchsheel Park
City New Delhi
Postal code 110017
300 ## - PHYSICAL DESCRIPTION
Extent 370p.
Dimensions 21cm(pbk)
500 ## - GENERAL NOTE
General note include index
942 ## - ADDED ENTRY ELEMENTS (KOHA)
Source of classification or shelving scheme Dewey Decimal Classification
Item type English Books
Classification part 144
Call number suffix SAU
Holdings
Withdrawn status Lost status Not for loan Collection code Home library Current library Date acquired Source of acquisition Cost, normal purchase price Full call number Barcode Copy number Cost, replacement price Koha item type Public note
      Non-fiction Kadipur Kadipur 22/06/2021 Gift/Eng/02-06-2021 295.00 144 SAU B-740269 1 295.00 English Books Gift

© Delhi Public Library
Hit Counter
free hit counter